000 00567nam a2200181 i 4500
001 20394
003 ES-MaACL
005 20230906152308.0
007 t|
008 021112s1969 sp a |||| |bspa d
100 1 _aAguilera, Emiliano M.
_918758
245 1 0 _aPasión y tragedia de Isadora Duncan /
_cEmiliano M. Aguilera ; con algunos dibujos del escultor José Clará.
260 _aBarcelona :
_bZeus,
_c[1969]
300 _a293 p. ;
_c20 cm.
600 1 4 _aDuncan, Isadora.
_946031
700 1 _aClará, José (
_d1878-1958)
_938989
852 _aES-MaACL
_jC-39992
999 _c20394
_d20394